تحميل...

Sabdanthar /

التفاصيل البيبلوغرافية
المؤلف الرئيسي: Nisanthkethu
التنسيق: Printed Book
اللغة:Hindi
منشور في: Delhi Pusthak Sadan , 1972.
LEADER 00452nam a2200145Ia 4500
008 150624b xxu||||| |||| 00| | hin d
082 |a 402 
100 |a Nisanthkethu 
245 |c Nisanthkethu  |a Sabdanthar / 
260 |b Delhi Pusthak Sadan ,  |c 1972. 
300 |a 227 p. 
546 |a In Hindi. 
942 |c BK 
999 |c 87823  |d 87823 
952 |0 1  |1 0  |4 0  |6 402_000000000000000_NIS_S_H  |7 0  |9 87767  |a UL  |b UL  |c ST1  |d 1998-09-15  |l 0  |o 402 NIS/S H  |p 11330  |r 2012-10-27  |w 2012-10-27  |y BK